000 00465nam a22001937a 4500
005 20231201145411.0
008 231201b |||||||| |||| 00| 0 eng d
020 _a9789380285849
_cRs. 350.00
040 _aMAIN
082 _a910.02
_bL15B(2)
100 _aLal, D S
245 _aBhautik bhoogol
250 _a2nd
260 _aPrayagraj
_bSharda Pustak Bhawan
_c2020
300 _a572
650 _aGeography
650 _aPhysical Geography
942 _cBK
999 _c309040
_d309040